000 00434nam a2200157 i 4500
001 19595
003 ES-MaACL
007 t|
008 021004s1868 sp ||||1| spa d
100 1 _aAbella, Fermín.
_9198007
245 1 0 _aManual administrativo /
_cFermín Abella.
260 _aMadrid :
_b[s.n.],
_c1868 (
_fOficina Tipográfica Hospicio)
300 _a408, 6 p. ;
_c18 cm.
852 _aES-MaACL
_jG-11131
999 _c19595
_d19595